000 01154nam a2200289 i 4500
001 110744
003 ES-MaACL
005 20230906185142.0
007 t|
008 070124m19171927sp ||||1| spa d
080 _a343(430)
080 _a343(460)(091)
100 1 _aLiszt, Franz von.
_972565
245 1 0 _aTratado de derecho penal /
_cFranz von Liszt ; traducido de la 20ª ed. alemana por Luis Jiménez de Asúa ; y adicionado con la Historia del derecho penal en España/ por Quintiliano Saldaña.
260 _aMadrid :
_bHijos de Reus,
_c1917-1927.
300 _a3 v. ;
_c23 cm.
490 1 _aBiblioteca jurídica de autores españoles y extranjeros ;
_v11, 26-27
650 1 4 _aDerecho penal-
_zAlemania.
_911750
650 1 4 _aDerecho penal-
_zEspaña-
_vHistoria.
_911754
700 1 _aJiménez de Asúa, Luis,
_d1889-1970
_966491
700 1 _aSaldaña, Quintiliano,
_d1878-1938
_9101861
740 0 _aHistoria del derecho penal de España.
830 0 _aBiblioteca jurídica de autores españoles y extranjeros ;
_v11, 26-27
_9182228
852 _aES-MaACL
_jE-3032
852 _aES-MaACL
_jE-3047-48
999 _c110744
_d110744